Countries with the Most Internet Users - Statistics

General Stats
  • This quiz has been taken 1,338 times
    60 since last reset
  • The average score is 17 of 20
Answer Stats
# Country % Correct
1102 m China
100%
637 m India
100%
60 m France
98%
341 m United States
98%
132 m Russia
95%
77 m Germany
93%
116 m Mexico
93%
66 m United Kingdom
93%
179 m Brazil
92%
104 m Japan
88%
84 m Pakistan
85%
198 m Indonesia
83%
85 m Egypt
81%
75 m Iran
81%
75 m Turkey
80%
85 m Nigeria
78%
64 m Thailand
78%
78 m Bangladesh
76%
79 m Vietnam
71%
88 m Philippines
69%
No matching quizzes found
Score Distribution
Percent of People with Each Score
Percentile by Number Answered
Your Score History
You have not taken this quiz since the last reset